Précis de géologie / (Record no. 12591)

000 -LEADER
fixed length control field 00556nam a2200205 i 4500
020 ## - INTERNATIONAL STANDARD BOOK NUMBER
ISBN 2040035885 (v. 1)
040 ## - CATALOGING SOURCE
Transcribing agency DLC
082 00 - DEWEY DECIMAL CLASSIFICATION NUMBER
Classification number 550 DUN 1975 A035 Or.
100 1# - MAIN ENTRY--AUTHOR NAME
Personal name Aubouin, Jean.
245 10 - TITLE STATEMENT
Title Précis de géologie /
250 ## - EDITION STATEMENT
Edition statement 2. éd.
260 ## - PUBLICATION, DISTRIBUTION, ETC. (IMPRINT)
Place of publication [Paris] :
Name of publisher Dunod,
Year of publication c1975.
300 ## - PHYSICAL DESCRIPTION
Number of Pages 3 v. :
Other physical details ill. ;
Dimensions 24 cm.
490 0# - SERIES STATEMENT
Series statement Dunod Université
500 ## - GENERAL NOTE
General note Label on t.p.: Distributed in the U.S.A. by S.M.P.F. Corp., New York.
650 #0 - SUBJECT ADDED ENTRY--TOPICAL TERM
Topical Term Geology.
700 1# - ADDED ENTRY--PERSONAL NAME
Personal name Brousse, Robert,
700 1# - ADDED ENTRY--PERSONAL NAME
Personal name Lehman, Jean Pierre,
942 ## - ADDED ENTRY ELEMENTS (KOHA)
Koha item type សៀវភៅភាសាអង់គ្លេស
952 ## - LOCATION AND ITEM INFORMATION (KOHA)
Withdrawn status [LOCAL, KOHA] 0
Holdings
Permanent Location Date acquired Koha item type Lost status Shelving location Barcode Current Location Full call number
Library Block A2017-08-15សៀវភៅភាសាអង់គ្លេស A035A16102Library Block A550 DUN 1975 A035 Or.
មជ្ឈមណ្ឌលឯការនៃសាកលវិទ្យាល័យភូមិន្ទកសិកម្មចំការដូង

Powered by Koha